000 01922nam a2200385 c 4500
003 BLK
005 20241106102921.0
008 180411b bul|||||r ||||||| ||bul||
010 _aKNG00189942000
040 _aBLK
041 _aBUL
_cBUL
080 _aАнглийска литература
_b821.111
_x(092)
_z821.111(092)
080 _aАнглийски драматург и поет
_b929 Шекспир, Уилям
_x
_z929 Шекспир, Уилям
100 1 _aБърджес, Антъни
_eпърви автор
_9316261
700 1 _aСтефанов, Димитър
_eпрев. от англ.
_gБъчваров, Димитър Стефанов
_9363780
700 1 _aМинков, Марко Константинов
_d1909 - 1987
_gПреводач от английски език
_996338
139 _aБърджес, Адриен
_bШ 50
245 1 0 _aШекспир
_bШекспир: Биогр.
_cАнтъни Бърджес; прев. от англ. Димитър Стефанов; с предг. от Марко Константинов Минков.
257 _aGBR
260 София
_bНар. култура
_c1983
_fВ. Търново : Д. Найденов
300 _a248 с., 8 л. 7 ил., портр.
_c21 см
380 _a82
490 1 _aБиблиотека Световни образи
500 _aОриг. загл. Shakespeare / Anthony Burgess. - Авт. не е отбелязан на кор. - 10 125 тир.
650 4 _aПоети, английски
_9256160
650 4 _aШекспир, Уилям - биографии
_9342415
653 _aанглийска литература
653 _aбиографии
852 _aЦб 124702
856 4 _qpdf
_u
856 4 _qpdf
_u
942 _cKNG
_n0
944 _aCR
_c19.08.2016
_k30560
_lГеновева Генчева
944 _aED
_c19.08.2016
_kТеодора_Стоянова
999 _c181050
_d181050